| 000 | 00654cab a2200217 4500 | ||
|---|---|---|---|
| 001 | WB3303-03 | ||
| 008 | 090401t1997 xxu||||| |||| 00| 0 eng d | ||
| 035 | _a(Sirsi) u26319 | ||
| 041 | _aeng | ||
| 245 | _aCountryside properties | ||
| 260 | _c1997 | ||
| 350 | _a0 | ||
| 490 |
_aFinancial Times _v13 January 1997, 12(1) |
||
| 520 | _aProfile of a successful partnership. Countryside Properties was started in 1973 and is now run by the two sons of the original founder. | ||
| 650 | _aCONSTRUCITON INDUSTRY | ||
| 650 | _aCOUNTRYSIDE PROPERTIES | ||
| 650 | _aHOUSE BUILDERS | ||
| 690 | _aBUILT ENVIRONMENT | ||
| 942 | _n0 | ||
| 948 | _c04/03/1997 | ||
| 999 |
_c17675 _d17675 |
||